| 000 | 00927cab a2200265 4500 | ||
|---|---|---|---|
| 001 | ABS59955 | ||
| 008 | 090401t1999 xxu||||| |||| 00| 0 eng d | ||
| 035 | _a(Sirsi) u90602 | ||
| 041 | _aeng | ||
| 100 | _aKhatri, M. | ||
| 245 | _aHow EU monetary union will impact commercial property | ||
| 260 | _c1999 | ||
| 350 | _a0 | ||
| 490 |
_aCSM _bChartered Surveyor Monthly _v8(5) January 1999, 38-39(2) |
||
| 520 | _aPart two of an analysis of EMU and the property market. Highlights the possible economic implications for the commercial sector if the UK signs up to the Single European Currency. (Part one: ABS 59661). | ||
| 650 | _aPROPERTY-COMMERCIAL PROPERTY-COMMERCIAL PROPERTY MARKET | ||
| 650 | _aPROPERTY-COMMERCIAL PROPERTY | ||
| 650 | _aCOMPETITIVENESS | ||
| 650 | _aEMU | ||
| 650 | _aINWARD INVESTMENT | ||
| 690 | _aEUROPE-SINGLE MARKET | ||
| 700 | _aThoday, Corin | ||
| 942 | _n0 | ||
| 948 | _c08/01/1999 | ||
| 999 |
_c57456 _d57456 |
||